Grammar games : Cognitive, affective and drama activities for EFL students /

Salvato in:
Dettagli Bibliografici
Autore principale: Rinvolucri, Mario (Autore)
Natura: Libro
Lingua:inglese
Pubblicazione: Cambridge : Cambridge University Press, 1994
Edizione:1.vyd.
Soggetti:
Tags: Aggiungi Tag
Nessun Tag, puoi essere il primo ad aggiungerne!!

MARC

LEADER 00000nam a22000003a 4500
001 stu8231
005 20150617225806.0
008 951108s1994----uk------------------eng-d
020 |a 0-521-27773-6 
040 |a STU  |b slo 
041 0 |a eng 
044 |a uk 
080 |a 802.0-5 
100 1 |a Rinvolucri, Mario  |4 aut 
245 1 |a Grammar games :  |b Cognitive, affective and drama activities for EFL students /  |c [aut.] Rinvolucri,Mario 
250 |a 1.vyd. 
260 |a Cambridge :  |b Cambridge University Press,  |c 1994 
300 |a 138 s 
650 7 |a angličtina  |2 stusub 
996 |b E80212  |c E*80212  |l EE18  |s P  |a 0  |w stu8231_0001